Famous Movie Quotes: Which Movie? - Statistics

General Stats
  • This quiz has been taken 19 times
  • The average score is 6 of 15
Answer Stats
Quote Movie % Correct
"My mama always said life was like a box of chocolates. You never know what you're gonna get." Forrest Gump
89%
"You're gonna need a bigger boat." Jaws
78%
"I'm gonna make him an offer he can't refuse." The Godfather
72%
"I see dead people." The Sixth Sense
72%
"There's no place like home." The Wizard of Oz
61%
"Frankly, my dear, I don't give a damn." Gone with the Wind
50%
"Just keep swimming." Finding Nemo
39%
"Show me the money!" Jerry Maguire
39%
"It ain't about how hard you hit. It's about how hard you can get hit and keep moving forward." Rocky Balboa
28%
"She doesn't even go here!" Mean Girls
17%
"I don't want to talk to you no more, you empty-headed, animal-food-trough wiper. I fart in your general direction." Monty Python and the Holy Grail
17%
"Why do we fall, sir? So that we can learn to pick ourselves up." Batman Begins
11%
"The best love is the kind that awakens the soul and makes us reach for more, that plants the fire in our hearts and brings peace to our minds. That's what you've given me." The Notebook
11%
"I drink your milkshake!" There Will Be Blood
6%
"A heart can be broken, but it keeps on beating just the same." Fried Green Tomatoes
0%
No matching quizzes found
Score Distribution
Percent of People with Each Score
Percentile by Number Answered
Your Score History
You have not taken this quiz